[Event "Capablanca Memorial op 53rd"]
[Site "Havana"]
[Date "2018.05.13"]
[Round "5"]
[White "Lopez Vilier, Luis Angel"]
[Black "Perez Ramirez, Kenia"]
[Result "1-0"]
[WhiteElo "2284"]
[BlackElo "1984"]
[PlyCount "47"]
[EventDate "2018.05.09"]
[EventType "swiss"]
[EventRounds "10"]
[EventCountry "CUB"]
[SourceTitle "EXT 2021"]
[Source "ChessBase"]
[SourceDate "2020.10.23"]
[SourceVersion "1"]
[SourceVersionDate "2020.10.23"]
[SourceQuality "1"]

1. c4 e5 2. Nc3 Nc6 3. Nf3 Nf6 4. g3 d5 5. cxd5 Nxd5 6. d3 h6 7. Bg2 Be6 8. 0-0 Qd7 9. Bd2 0-0-0 10. Nxd5 Bxd5 11. Bc3 f6 12. a3 g5 13. b4 Kb8 14. b5 Nd4 15. Bxd4 exd4 16. Qa4 Be6 17. Rfc1 f5 18. Ne5 Qg7 19. Nc6+ bxc6 20. bxc6 Ka8 21. Rab1 Qe5 22. Rb7 Bc5 23. Qb5 Bd6 24. Rxa7+ 1-0

[Event "Capablanca Memorial op 53rd"]
[Site "Havana"]
[Date "2018.05.12"]
[Round "4"]
[White "Avila Fraire, Ameyalli"]
[Black "Perez Ramirez, Kenia"]
[Result "1/2-1/2"]
[WhiteElo "2002"]
[BlackElo "1984"]
[PlyCount "140"]
[EventDate "2018.05.09"]
[EventType "swiss"]
[EventRounds "10"]
[EventCountry "CUB"]
[SourceTitle "EXT 2021"]
[Source "ChessBase"]
[SourceDate "2020.10.23"]
[SourceVersion "1"]
[SourceVersionDate "2020.10.23"]
[SourceQuality "1"]

1. e4 g6 2. d4 Bg7 3. Nc3 a6 4. Bg5 c6 5. Qd2 d5 6. 0-0-0 h6 7. Bf4 Nf6 8. e5 Nfd7 9. Bd3 Nb6 10. Qe2 Be6 11. h4 Nc4 12. Nf3 Qa5 13. Bxc4 dxc4 14. Bd2 Nd7 15. Kb1 Qc7 16. Bf4 Nb6 17. Rhe1 Nd5 18. Qd2 b5 19. Nxd5 cxd5 20. Qb4 0-0 21. Qd2 Kh7 22. h5 gxh5 23. Rh1 Bg4 24. e6 Qb6 25. exf7 Rxf7 26. Be5 Bxf3 27. gxf3 Qg6 28. Rdg1 Qf5 29. f4 Rg8 30. Qd1 Bxe5 31. Rxg8 Kxg8 32. dxe5 e6 33. a3 Kh7 34. Rxh5 Qxf4 35. Qh1 Rf5 36. Rh4 Qg5 37. Qh2 Qd2 38. Rh3 Qf4 39. Qh1 Rxe5 40. Ka2 Re2 41. Rf3 Qg5 42. Qh2 Qg7 43. Qh5 Re5 44. Qe8 Rf5 45. Re3 e5 46. Qb8 e4 47. Rg3 Qf7 48. Qd6 Rf6 49. Qe5 Rxf2 50. Kb1 Rf3 51. Rg2 Rf6 52. Rh2 Rf5 53. Qd6 h5 54. Qxa6 d4 55. Qc6 e3 56. Qe4 Qg6 57. Ka2 c3 58. b3 Qg5 59. Rg2 Qf6 60. Qb7+ Kh6 61. Qb8 Rf2 62. Qg3 Rxg2 63. Qxg2 Qg6 64. Qh2 Qf6 65. Qb8 Kg6 66. Qxb5 Qf5 67. Qb6+ Kg5 68. Qd8+ Qf6 69. Qd5+ Qf5 70. Qd8+ Qf6 1/2-1/2

[Event "Capablanca Memorial op 53rd"]
[Site "Havana"]
[Date "2018.05.09"]
[Round "1"]
[White "Perez Ramirez, Kenia"]
[Black "Amaro Alfonso, Raynner"]
[Result "0-1"]
[WhiteElo "1984"]
[BlackElo "2172"]
[PlyCount "104"]
[EventDate "2018.05.09"]
[EventType "swiss"]
[EventRounds "10"]
[EventCountry "CUB"]
[SourceTitle "EXT 2019"]
[Source "ChessBase"]
[SourceDate "2018.10.10"]
[SourceVersion "1"]
[SourceVersionDate "2018.10.10"]
[SourceQuality "1"]

1. e4 c5 2. Nf3 Nc6 3. d3 g6 4. c3 Bg7 5. Be3 d6 6. Be2 e6 7. 0-0 Nge7 8. d4 cxd4 9. Nxd4 0-0 10. Na3 Nxd4 11. Bxd4 e5 12. Be3 b6 13. c4 Bb7 14. f3 f5 15. Qd3 Qd7 16. Nb5 Rad8 17. Rfd1 Nc8 18. a4 f4 19. Bf2 g5 20. b4 Rf6 21. Qc2 a6 22. Nc3 Rg6 23. a5 bxa5 24. Rxa5 h5 25. c5 Kh7 26. Bxa6 g4 27. Qe2 Rg8 28. Bxb7 Qxb7 29. fxg4 Qxb4 30. gxh5 Rh6 31. Ra6 Qxc3 32. cxd6 f3 33. Qd3 Qxd3 34. Rxd3 Rd8 35. Bc5 Rd7 36. g4 Bf8 37. Ra8 Bxd6 38. Be3 Nb6 39. Re8 Nc4 40. Bf2 Rb7 41. Rxf3 Nd2 42. Rf5 Nxe4 43. Be3 Rf6 44. Rxf6 Nxf6 45. Re6 Nxg4 46. Rxd6 Nxe3 47. Kf2 Nf5 48. Rf6 Nh6 49. h3 Rf7 50. Rxf7+ Nxf7 51. Kg3 Kg7 52. h4 Kf6 0-1

[Event "Pinar del Rio Province-ch sf 1st Cat"]
[Site "Pinar del Rio"]
[Date "2010.10.18"]
[Round "2"]
[White "Concepcion Ayala, Ronald"]
[Black "Perez Ramirez, Kenia"]
[Result "1-0"]
[WhiteElo "2167"]
[BlackElo "2004"]
[PlyCount "97"]
[EventDate "2010.10.01"]
[EventType "swiss"]
[EventRounds "9"]
[EventCountry "CUB"]
[SourceTitle "EXT 2019"]
[Source "ChessBase"]
[SourceDate "2018.10.10"]
[SourceVersion "1"]
[SourceVersionDate "2018.10.10"]
[SourceQuality "1"]

1. d4 c5 2. d5 e5 3. Nc3 d6 4. e4 Be7 5. Bb5+ Nd7 6. Qg4 g6 7. h4 h5 8. Qg3 a6 9. Be2 b5 10. Nf3 Ngf6 11. Ng5 Nb6 12. 0-0 Ng4 13. f3 Nh6 14. b3 Bf6 15. a4 b4 16. Nd1 Qe7 17. a5 Nd7 18. Nb2 Bb7 19. Nc4 0-0-0 20. Be3 Bg7 21. Qh3 Kb8 22. Nb6 Nf8 23. Bc4 Bf6 24. g3 Bxg5 25. Bxg5 f6 26. Bd2 Nf7 27. Rf2 Ka7 28. c3 bxc3 29. Bxc3 g5 30. b4 Ng6 31. bxc5 dxc5 32. Bd2 Nd6 33. Bd3 Rdg8 34. Kh1 gxh4 35. gxh4 Nf4 36. Bxf4 exf4 37. Rg2 Qe5 38. Rag1 Rd8 39. Rg7 Qc3 40. Qf1 Qxa5 41. Nc4 Nxc4 42. Bxc4 Rd6 43. R1g2 Qc3 44. Ra2 a5 45. Bb5 f5 46. e5 Qxe5 47. Rxa5+ Kb6 48. Bc6 Qxg7 49. Qb5+ 1-0